00621 2200217 4500001002100000005001500021035002000036007000300056008004100059020002200100082000800122084001400130100002500144245009100169250001000260260003400270300003200304650001400336700002600350504002700376INLIS00000000000407920190902034058 a0010-0919000009ta190902 g 0 ind  a978-979-25-4783-2 a970 a970 AFI s0 aAFIFAH, Nur Chayatie1 a112 Game untuk Training & Outbond /cAfifah Nur Chayatie; editor, Rose Kusumaningratri acet.3 aJogjakarta :bKatahati,c2016 a365 hlm. :bilus. ;c20 cm. 4aPERMAINAN0 aROSE, Kusumaningratri aBibliografi : hlm. 365